Urban agriculture and eco-sanitation (Record no. 107483)

MARC details
000 -LEADER
fixed length control field 01672cad a22002415a 4500
001 - CONTROL NUMBER
control field L140331
008 - FIXED-LENGTH DATA ELEMENTS--GENERAL INFORMATION
fixed length control field 070918s2007 xxka f 000 0 eng d
020 ## - INTERNATIONAL STANDARD BOOK NUMBER
International Standard Book Number 9781842193372
022 1# - INTERNATIONAL STANDARD SERIAL NUMBER
International Standard Serial Number 1464648x
035 ## - SYSTEM CONTROL NUMBER
System control number (Sirsi) u140331
041 0# - LANGUAGE CODE
Language code of text/sound track or separate title eng
050 04 - LIBRARY OF CONGRESS CALL NUMBER
Classification number 627.4 $2 18
100 1# - MAIN ENTRY--PERSONAL NAME
Personal name Al-Najar, Husam
245 00 - TITLE STATEMENT
Title Urban agriculture and eco-sanitation
Remainder of title the strategic potential toward poverty alleviation in the Gaza Strip
Medium [electronic resource]
260 ## - PUBLICATION, DISTRIBUTION, ETC.
Place of publication, distribution, etc. London
Name of publisher, distributor, etc. RICS
Date of publication, distribution, etc. 2007
490 #0 - SERIES STATEMENT
Series statement RICS Research Paper Series
Volume/sequential designation 7(7)
520 ## - SUMMARY, ETC.
Summary, etc. Considers the practice of urban agriculture in the Gaza strip, especially in terms of the pressures on scarce water supplies. Finds that farmers are willing to use treated effluent water. Although urban agriculture is widespread in the Gaza Strip, planning for urban agriculture is almost non-existent, and it seems to have been neglected by water providing institutions. Farm profit analysis shows that urban agriculture principles have failed and should be reconsidered. Suggests that planners should promote urban agriculture and eco-sanitation in parallel to save potable water for domestic purposes - a key tool for alleviating poverty - and should initiate a new link between urban planning and the protection of precious water resources. Recommends implementing a policy to ensure waste is recycled and used sustainably for urban agriculture.
590 ## - LOCAL NOTE (RLIN)
Local note KA
651 #4 - SUBJECT ADDED ENTRY--GEOGRAPHIC NAME
Geographic name Gaza Strip
690 ## - LOCAL SUBJECT ADDED ENTRY--TOPICAL TERM (OCLC, RLIN)
Topical term or geographic name as entry element ENVIRONMENTAL AND LAND CONSULTANCY-WATER RESOURCE MANAGEMENT
856 40 - ELECTRONIC LOCATION AND ACCESS
Uniform Resource Identifier <a href="https://www.rics.org/site/scripts/download_info.aspx?downloadID=2729">https://www.rics.org/site/scripts/download_info.aspx?downloadID=2729</a>
Public note View the research free of charge at www.rics.org...
942 ## - ADDED ENTRY ELEMENTS (KOHA)
Suppress in OPAC 0
Holdings
Withdrawn status Lost status Source of classification or shelving scheme Damaged status Not for loan Home library Current library Shelving location Date acquired Total Checkouts Full call number Barcode Date last seen Copy number Price effective from Koha item type
    Dewey Decimal Classification     Virtual Virtual Online 18/09/2007   ONLINE PUBLICATION 140331-1001 06/08/2019 1 06/08/2019 Book